00902nab a2200253 uc450000100070000000500170000700800410002403500110006503500210007604000130009704100080011010000500011824500930016865000370026165000200029865000310031865000390034965000320038870000440042070000490046477301060051394200100061999900190062965829520240201163019.0010418e19990601 spa  a658295 a(OCoLC)819905247 ccomduadb aspa10aLopez Monteagudo, Francisco4auteaut934045010aVariantes constructivas de paneles para el control en el proceso de soldadura por puntos 7aControl de procesos2lemb920387 aSoldadura95409 aControl inteligente969751 aAccionamientos eléctricos939390 aSoldadura por puntos97852010aArias Garcia, Rodolfo4auteaut951734110aValdés Carrazana, Amaldo4auteaut93368350 tEnergía y Computación (Cali)gVol. 08, No. 01, Ene.-Jun. 1999, p. 45-51w119991x0121-5299069582 cARIMP c194153d194153